Statistics for Harrison Ford Movies

Click here to take the quiz!

General Stats

  • This quiz has been taken 35 times
    (11 since last reset)
  • The average score is 9 of 20

Answer Stats

Release YearCostarsMovie% Correct
1981Karen Allen, Alfred MolinaRaiders of the Lost Ark
100%
1973Richard Dreyfuss, Ron HowardAmerican Graffiti
88%
1984Kate Capshaw, Ke Huy QuanThe Temple of Doom
88%
1993Tommy Lee Jones, Julianne MooreThe Fugitive
75%
1989Sean Connery, Alison DoddyThe Last Crusade
75%
1997Gary Oldman, Glenn CloseAir Force One
63%
1977Mark Hamill, Carrie FisherA New Hope
63%
1982Rutger Hauer, Daryl HannahBlade Runner
63%
1980Billy Dee Williams, Peter MayhewThe Empire Strikes Back
63%
1992Sean Bean, Samuel L. JacksonPatriot Games
38%
1998Anne Heche, Danny TrejoSix Days Seven Nights
38%
1985Kelly McGillis, Lukas HaasWitness
38%
1979Martin Sheen, Marlon BrandoApocalypse Now
25%
2011Daniel Craig, Olivia WildeCowboys & Aliens
25%
1983David Prowse, Anthony DanielsReturn of the Jedi
25%
1994Willem Dafoe, Anne ArcherClear and Present Danger
13%
2014Sylvester Stallone, Jason StathamThe Expendables 3
13%
2017Ryan Gosling, Ana de ArmasBlade Runner 2049
0%
2006Paul Bettany, Virginia MadsenFirewall
0%
2010Rachel McAdams, Diane KeatonMorning Glory
0%

Score Distribution

Percentile by Number Answered

Percent of People with Each Score

Your Score History

You have not taken this quiz since the last reset